Catholic University of Zimbabwe Library
Online Public Access Catalogue
(OPAC)

British Literature I Anthology (Record no. 20002)

MARC details
000 -LEADER
fixed length control field 03778nam a2200361 4500
001 - CONTROL NUMBER
control field OTLid0000639
003 - CONTROL NUMBER IDENTIFIER
control field MnU
005 - DATE AND TIME OF LATEST TRANSACTION
control field 20201105133348.0
006 - FIXED-LENGTH DATA ELEMENTS--ADDITIONAL MATERIAL CHARACTERISTICS
fixed length control field m o d s
008 - FIXED-LENGTH DATA ELEMENTS--GENERAL INFORMATION
fixed length control field 181116s2018 mnu o 0 0 eng d
020 ## - INTERNATIONAL STANDARD BOOK NUMBER
International Standard Book Number 9781940771281
040 ## - CATALOGING SOURCE
Original cataloging agency MnU
Language of cataloging eng
Transcribing agency MnU
050 #4 - LIBRARY OF CONGRESS CALL NUMBER
Classification number PE1408
245 00 - TITLE STATEMENT
Title British Literature I Anthology
Remainder of title From the Middle Ages to Neoclassicism and the Eighteenth Century
Statement of responsibility, etc. Bonnie Robinson
264 #2 - PRODUCTION, PUBLICATION, DISTRIBUTION, MANUFACTURE, AND COPYRIGHT NOTICE
Name of producer, publisher, distributor, manufacturer Open Textbook Library
264 #1 - PRODUCTION, PUBLICATION, DISTRIBUTION, MANUFACTURE, AND COPYRIGHT NOTICE
Name of producer, publisher, distributor, manufacturer University of North Georgia Press
300 ## - PHYSICAL DESCRIPTION
Extent 1 online resource
490 0# - SERIES STATEMENT
Series statement Open textbook library.
505 0# - FORMATTED CONTENTS NOTE
Formatted contents note Part 1: The Middle Ages -- 1.1 Learning Outcomes -- 1.2 Introduction -- 1.3 Recommended Reading -- 1.4 The Dream of the Rood -- 1.5 Beowulf -- 1.6 Judith -- 1.7 The Wanderer -- 1.8 The Wife's Lament -- 1.9 The Venerable Bede -- 1.10 Anglo-Saxon Riddles -- 1.11 Marie de France -- 1.12 Middle English Lyrics -- 1.13 Geoffrey Chaucer -- 1.14 Sir Gawain and the Green Knight -- 1.15 Julian of Norwich -- 1.16 The Second Shepherds' Play -- 1.17 Sir Thomas Malory -- 1.18 Everyman -- 1.19 Key Terms -- Part Two: The Tudor Age (1485-1603) -- 2.1 Learning Outcomes -- 2.2 Introduction -- 2.3 Recommended Reading -- 2.4 Thomas More -- 2.5 Thomas Wyatt -- 2.6 Henry Howard, Earl of Surrey -- 2.7 Queen Elizabeth -- 2.8 Edmund Spenser -- 2.9 Sir Walter Raleigh -- 2.10 Sir Philip Sidney -- 2.11 Mary (Sidney) Herbert, Countess of Pembroke -- 2.12 Christopher Marlowe -- 2.13 William Shakespeare -- 2.14 Key Terms -- Part 3: The Seventeenth Century: The Age of Revolution (1603-1688) -- 3.1 Learning Outcomes -- 3.2 Introduction -- 3.3 Recommended Reading -- 3.4 John Donne -- 3.5 Aemilia Lanyer -- 3.6 Ben Jonson -- 3.7 Robert Herrick -- 3.8 Andrew Marvell -- 3.9 Margaret Cavendish, the Duchess of Newcastle -- 3.10 John Milton -- 3.11 John Dryden -- 3.12 Samuel Pepys -- 3.13 Key Terms -- Part 4: Neoclassicism and the Eighteenth Century (1603-1688) -- 4.1 Learning Outcomes -- 4.2 Introduction -- 4.3 Recommended Reading -- 4.4 Aphra Behn -- 4.5 William Congreve -- 4.6 Daniel Defoe -- 4.7 Anne Finch, Countess of Winchilsea -- 4.8 Jonathan Swift -- 4.9 Alexander Pope -- 4.10 Henry Fielding -- 4.11 Lady Mary Wortley Montagu -- 4.12 Samuel Johnson -- 4.13 James Boswell -- 4.14 Olaudah Equiano -- 4.15 Key Terms
520 0# - SUMMARY, ETC.
Summary, etc. The University of North Georgia Press and Affordable Learning Georgia bring you British Literature I: From the Middle Ages to Neoclassicism and the Eighteenth Century. Featuring over 50 authors and full texts of their works, this anthology follows the shift of monarchic to parliamentarian rule in Britain, and the heroic epic to the more egalitarian novel as genre. Features: Original introductions to The Middle Ages; The Sixteenth Century: The Tudor Age; The Seventeenth Century: The Age of Revolution; and Neoclassicism and the Eighteenth Century Over 100 historical images Instructional Design, including Reading and Review Questions and Key Terms Forthcoming ancillary with open-enabled pedagogy, allowing readers to contribute to the project This textbook is an Open Access Resource. It can be reused, remixed, and reedited freely without seeking permission.
542 1# - INFORMATION RELATING TO COPYRIGHT STATUS
Copyright statement Attribution-ShareAlike
546 ## - LANGUAGE NOTE
Language note In English.
588 0# - SOURCE OF DESCRIPTION NOTE
Source of description note Description based on online resource
650 #0 - SUBJECT ADDED ENTRY--TOPICAL TERM
Topical term or geographic name entry element Rhetoric
Form subdivision Textbooks
700 1# - ADDED ENTRY--PERSONAL NAME
Personal name Robinson, Bonnie J.
Relator term editor
700 1# - ADDED ENTRY--PERSONAL NAME
Personal name Getty, Laura J.
Relator term editor
710 2# - ADDED ENTRY--CORPORATE NAME
Corporate name or jurisdiction name as entry element Open Textbook Library
Relator term distributor
856 40 - ELECTRONIC LOCATION AND ACCESS
Uniform Resource Identifier <a href="https://open.umn.edu/opentextbooks/textbooks/639">https://open.umn.edu/opentextbooks/textbooks/639</a>
Public note Access online version
Holdings
Withdrawn status Lost status Source of classification or shelving scheme Damaged status Not for loan Home library Shelving location Date acquired Total Checkouts Full call number Date last seen Uniform Resource Identifier Price effective from Koha item type
          Digital Library Online Access 05.11.2020   PE1408 05.11.2020 https://open.umn.edu/opentextbooks/textbooks/639 05.11.2020 eBook

OPENING HOURS

Weekdays: 0815hrs - 1800hrs
Weekends:0900hrs - 1200hrs

Closed for Mass:

Mon, Thur: 1200hrs - 1300hrs
Sunday & Public Holiday’s

CALL SUPPORT

0242-570570, 0242-570169
09200664, +263 8644140602

LOCATION

18443, Cranborne Avenue, Hatfield, Harare

Other Links


©2021 | CUZ Library